000 00451nam a2200181Ia 4500
008 100917s9999 xx 000 0 und d
082 _b16802
100 _aमित्र का. र.
245 _aवंगजागृति
260 _b---
_c1906
300 _a72
365 _b0
520 _aनाटक
630 _aवंगजागृति
650 _aनाटक
730 _aवंगजागृति
942 _cBOOK
999 _c622196
_d622193